Popular artists with #1 song(s) on billboard Hot 100 - Sudden Death - Statistics

General Stats
  • This quiz has been taken 49 times
    32 since last reset
  • The average score is 9 of 37
Answers on the Grid
Answers color-coded by a green-red scale on the quiz's grid according to % correct below.
Blondie
Joni Mitchell
Aretha Franklin
Jason Derulo
Belinda Carlisle
Pat Benetar
Cyndi Lauper
Jimi Hendrix
Paula Abdul
Bruno Mars
Diana Ross
One Direction
Karyn White
En Vogue
Ke$ha
Ricky Martin
Lizzo
Taylor Dayne
Backstreet Boys
Missy Elliot
Linkin Park
Beyoncé
Jody Watley
Trey Songz
Sabrina Carpenter
Chaka Khan
Sheryl Crow
MC Hammer
Toni Braxton
Ice Spice
Joe
Ashanti
Michael Jackson
Nas
Taylor Swift
Jennifer Lopez
Whitney Houston
Donna Summer
Kylie Minogue
TLC
Christina Aguilera
Notorious B.I.G.
ABBA
New Edition
Rihanna
Lady Gaga
Shania Twain
Mariah Carey
James Brown
Celine Dion
Lana Del Rey
Alanis Morissette
Britney Spears
Janet Jackson
Ludwig Van Beethoven
Nirvana
Katy Perry
Bruce Springsteen
Metalica
Red Hot Chili Peppers
Madonna
Vanessa Williams
Bob Dylan
Green Day
 
Answer Stats
Answer % Correct
Bruno Mars
50%
Blondie
43%
Katy Perry
43%
Rihanna
43%
Britney Spears
36%
Celine Dion
36%
Jason Derulo
36%
Lady Gaga
36%
Mariah Carey
36%
Taylor Swift
36%
ABBA
29%
Cyndi Lauper
29%
Janet Jackson
29%
Jennifer Lopez
29%
Madonna
29%
Paula Abdul
29%
Whitney Houston
29%
Aretha Franklin
21%
Beyoncé
21%
Diana Ross
21%
Donna Summer
21%
Ke$ha
21%
Lizzo
21%
Michael Jackson
21%
Ricky Martin
21%
Sabrina Carpenter
21%
TLC
21%
Ashanti
14%
Belinda Carlisle
14%
Christina Aguilera
14%
Joe
14%
Karyn White
14%
Notorious B.I.G.
14%
Taylor Dayne
14%
Toni Braxton
14%
Vanessa Williams
14%
Ludwig Van Beethoven
7%
No matching quizzes found
Score Distribution
Percent of People with Each Score
Percentile by Number Answered
Your Score History
You have not taken this quiz since the last reset